00446nam a2200157Ia 4500008004100000082002000041100002700061245002900088260004200117300002200159365000700181520002100188630002900209650002100238730002900259100920s9999 xx 000 0 und d b70787a5 थ 97 aYogananda Paramahansa. aAutobiography Of a Yogi. bJAICO PUBLISHING HOUSE, BOMBAY.c1997 a512bसाधी b70 aई.एल. ई. aAutobiography Of a Yogi. aई.एल. ई. aAutobiography Of a Yogi.